1 to 100 in 30 seconds - Statistics

General Stats
  • This quiz has been taken 1,817 times
  • The average score is 46 of 100
Answer Stats
Answer % Correct
1
99%
2
98%
3
98%
4
97%
5
96%
6
96%
7
95%
8
95%
9
94%
10
89%
11
86%
12
86%
14
83%
15
83%
13
82%
16
82%
17
82%
18
82%
19
82%
20
79%
21
79%
22
78%
23
76%
24
75%
25
72%
26
72%
27
72%
28
72%
29
72%
30
70%
31
68%
32
67%
33
67%
34
66%
35
66%
36
64%
37
64%
38
63%
39
62%
42
59%
40
58%
43
58%
41
57%
44
57%
45
53%
46
50%
47
50%
48
48%
49
47%
50
45%
51
43%
52
42%
55
40%
53
39%
54
38%
56
34%
58
33%
57
30%
59
30%
60
30%
66
29%
61
27%
62
27%
65
27%
63
25%
64
24%
67
21%
70
21%
68
20%
69
20%
72
19%
71
18%
74
17%
77
17%
73
16%
75
16%
76
15%
78
15%
80
13%
88
13%
79
11%
81
10%
82
10%
83
10%
84
10%
90
10%
99
10%
85
9%
87
8%
100
7%
86
7%
89
7%
91
7%
92
7%
93
7%
94
7%
96
6%
95
5%
98
5%
97
4%
No matching quizzes found
Score Distribution
Percent of People with Each Score
Percentile by Number Answered
Your Score History
You have not taken this quiz